Ojo al charqui: Escritos de pintores contemporáneos chilenos.
Tallennettuna:
| Päätekijä: | |
|---|---|
| Muut tekijät: | , |
| Aineistotyyppi: | Tuntematon |
| Julkaistu: |
Santiago, Chile:
Ediciones Departamento de Artes Visuales. Facultad de Artes Universidad de Chile,
2022.
|
| Sarja: | Colección Escritos de obras,
|
| Aiheet: | |
| Tagit: |
Lisää tagi
Ei tageja, Lisää ensimmäinen tagi!
|
MARC
| LEADER | 00000 a2200000 4500 | ||
|---|---|---|---|
| 003 | CL-VaPUC | ||
| 005 | 20250326100546.0 | ||
| 008 | 250205t2022 ||||| |||| 00| 0 eng d | ||
| 999 | |c 446862 |d 446860 | ||
| 020 | |a 978-956-19-1261-8 | ||
| 040 | |c Pontificia Universidad Católica de Valparaíso | ||
| 082 | |a 759.983 BON 2022 | ||
| 100 | |9 896152 |a Bonnet, Ángelo |e autor | ||
| 245 | |a Ojo al charqui: |b Escritos de pintores contemporáneos chilenos. | ||
| 260 | |a Santiago, Chile: |b Ediciones Departamento de Artes Visuales. Facultad de Artes Universidad de Chile, |c 2022. | ||
| 300 | |a 149 páginas: |b ilustraciones. | ||
| 490 | |a Colección Escritos de obras, |n 25. | ||
| 583 | |k Gabriela Rodríguez Cuevas |c 20250205 | ||
| 650 | 0 | |9 341274 |a Pintura contemporánea |x Chile | |
| 650 | 0 | |9 345328 |a Pintores chilenos |x Prácticas artísticas | |
| 700 | |9 896153 |a Bravo, Valentina |e autora | ||
| 700 | |9 896154 |a Gaete, René |e autor | ||
| 942 | |2 ddc |c BK | ||
| 952 | |0 0 |1 0 |2 ddc |4 0 |6 759_983000000000000_BON_2022 |7 0 |8 A |9 600192 |a BIBART |b BIBART |d 2025-01-30 |e 45 |g 15000.00 |i 5665088 |o 759.983 BON 2022 |p 5665088 |r 2025-01-30 |t 1 |v 15000.00 |w 2025-01-30 |y BK |k ART | ||